000 00309nam a2200109Ia 4500
008 200302s9999 xx 000 0 und d
100 _aAlexander Reichel and Others
245 _aBuilding with Details principles examples
260 _bBirkhauser Publlisher for Architecture
260 _c2007
300 _a112 P.,
999 _c3962
_d3962